| 000 | 00418cam a2200169ua 4500 | ||
|---|---|---|---|
| 020 | _c345.00 | ||
| 041 |
_aeng _h |
||
| 082 |
_a005.369 _bSIE/MA |
||
| 100 | _aSiegel, Charles . | ||
| 245 |
_aMastering Foxpro 2.6 / _cCharles Siegel. _hTextual Documents |
||
| 260 |
_aNew Delhi : _bB.N.B Publications , _c1994. |
||
| 300 | _a956 ; . | ||
| 365 | _a345.00 | ||
| 504 | _a | ||
| 942 | _cBK | ||
| 999 |
_c9734 _d9734 |
||